|
|
|
|
| LEADER |
00000cam a2200000 7i4500 |
| 001 |
0000014019 |
| 005 |
20180523.0 |
| 008 |
080218 |
| 020 |
|
|
|a 9834172427
|
| 041 |
0 |
|
|a English
|
| 090 |
0 |
0 |
|a 332.024
|b YAP
|
| 100 |
3 |
|
|a Yap, Ming Hui
|
| 245 |
0 |
0 |
|a MaxWealth :
|b how to maximise your wealth beyond investment returns
|c Yap Ming Hui
|
| 260 |
|
|
|a Selangor :
|b Whitman Independent Advisors ,
|c 2006
|
| 300 |
|
|
|a 129p. :
|b 21cm
|
| 500 |
|
|
|a Adult
|
| 541 |
0 |
0 |
|c Purchased on 2017
|
| 650 |
|
0 |
|a Finance, Personal
|
| 650 |
|
0 |
|a Wealth
|x Management
|
| 999 |
|
|
|a 0001021357
|b Book
|c Adult Collection
|e Cawangan AEON Kulaijaya
|
| 999 |
|
|
|a 0001023889
|b Book
|c Adult Collection
|e Perbadanan Perpustakaan Awam Johor
|
| 999 |
|
|
|a 0001023891
|b Book
|c Adult Collection
|e Perbadanan Perpustakaan Awam Johor
|
| 999 |
|
|
|a 0001517507
|b Book
|c Adult Collection
|e Perbadanan Perpustakaan Awam Johor
|